| 000 | 00519nam a2200181 a 4500 | ||
|---|---|---|---|
| 001 | 000042778 | ||
| 005 | 20201002040406.0 | ||
| 008 | 140210s1962 sp 000 0 spa d | ||
| 040 |
_aDO-SdBNP _bspa _cBNPHU |
||
| 082 |
_axxx _bÓ48M, 1962 |
||
| 100 | 1 |
_aMarañon, Gregorio _947277 |
|
| 245 | 1 | 3 |
_aEl conde-Duque de Olivares / _cGregorio Marañon. |
| 250 | _a11a ed. | ||
| 260 |
_aMadrid, (España) : _bEspasa-Calpe, _c1962. |
||
| 300 |
_a264, [16] p ; _c18 cm. |
||
| 490 | 1 |
_aAustral _v62 |
|
| 830 | 0 |
_aAustral _n62 _970119 |
|
| 999 |
_c42267 _d42267 |
||